000 00736nam a22002417a 4500
001 87651
003 UA-OsUOA
005 20260225123537.0
007 ta
008 20120920b un ||||| |||| 00| 0 ukr d
020 _a5770780665
040 _aUA-OsUOA
_bukr
_cUA-OsUOA
_dUA-OsUOA
041 _aukr
080 _a821.161.2
090 _a821.161.2
_bБ81
100 _aБондар В.
_923270
245 _aВсе – правда. Листя летить проти вітру
_bповісті
_cВасиль Бондар
260 _aК.
_bУкраїнська видавнича група
_c1995
300 _a343 с.
650 7 _a821.161.2 Українська література
_2UDC
_941
942 _cBK
_2udc
955 _a3
999 _c373939
_d373939